000 00690nam a2200289Ia 4500
005 20260324135116.0
008 008 260324s9999 xx 000 0 eng d
020 _a9781315195452
037 _aEBOOK
040 _aCRL
040 _beng
040 _cCRL
041 _2eng
041 _aeng
084 _qCRL
100 _aDouglas Saltmarshe
_91199366
245 0 _aIdentity in a Post-communist Balkan State
245 3 _bAn Albanian Village Study
260 _bTaylor and Francis
260 _c2001
365 _a
365 _b180
856 _uhttp://www.taylorfrancis.com/books/9781315195452
942 _cEBOOK
999 _c1800107
_d1800107